मेरी इक्यावन कविताएँ / (Record no. 205856)
[ view plain ]
| 000 -LEADER | |
|---|---|
| fixed length control field | 01055nam a22002057a 4500 |
| 005 - DATE AND TIME OF LATEST TRANSACTION | |
| control field | 20240923142413.0 |
| 010 ## - LCCN (DPL NO) | |
| LC control number | HIN-128456 |
| 020 ## - INTERNATIONAL STANDARD BOOK NUMBER | |
| International Standard Book Number | 9789383233618 |
| Terms of availability | 200.00 |
| 035 ## - SYSTEM CONTROL NUMBER | |
| System control number | HN-100802 |
| 037 ## - SOURCE OF ACQUISITION | |
| Source of stock number/acquisition | DBAD |
| 100 ## - MAIN ENTRY--PERSONAL NAME | |
| Personal name | वाजपेयी, अटल बिहारी |
| 245 ## - TITLE STATEMENT | |
| Title | मेरी इक्यावन कविताएँ / |
| Statement of responsibility, etc | अटल बिहारी वाजपेयी; चंद्रिकाप्रसाद शर्मा द्वारा संपादित |
| 250 ## - EDITION STATEMENT | |
| Edition statement | 30 |
| 260 ## - PUBLICATION, DISTRIBUTION, ETC. (IMPRINT) | |
| Place of publication, distribution, etc | नयी दिल्ली |
| Name of publisher, distributor, etc | किताबघर प्रकाशन |
| Date of publication, distribution, etc | 2018 |
| 270 ## - ADDRESS | |
| Address | 4855-56/24,अंसारी रोड,दरियागंज, |
| City | नयी दिल्ली |
| Postal code | 110002 |
| Telephone number | 011-23266207 |
| Electronic mail address | kitabgharprakashan@gmail.com |
| 300 ## - PHYSICAL DESCRIPTION | |
| Extent | 168 पृ. |
| Dimensions | 22 सेमी (सजिल्द) |
| 650 ## - SUBJECT ADDED ENTRY--TOPICAL TERM | |
| Topical term or geographic name as entry element | हिन्दी कविता |
| 700 ## - ADDED ENTRY--PERSONAL NAME | |
| Personal name | शर्मा, चंद्रिकाप्रसाद |
| 9 (RLIN) | 71863 |
| 942 ## - ADDED ENTRY ELEMENTS (KOHA) | |
| Source of classification or shelving scheme | Dewey Decimal Classification |
| Item type | Hindi Books |
| Classification part | 821 |
| Call number suffix | वाजपे |
| Withdrawn status | Lost status | Not for loan | Collection code | Home library | Current library | Date acquired | Source of acquisition | Cost, normal purchase price | Full call number | Barcode | Copy number | Cost, replacement price | Koha item type |
|---|---|---|---|---|---|---|---|---|---|---|---|---|---|
| Non-fiction | Shahdara Branch | Shahdara Branch | 23/09/2024 | DBAD | 200.00 | 821 वाजपे | HN-100802 | 1 | 200.00 | Hindi Books |
